1856 1570 1266 1999 1507 1709 1822 1229 1859 1571 1454 1682 1720 1353 1790 1692 1782 1883 1022 1798 1061 1133 1716 1578 1538 1747 1100 1635 1642 1256 1913 1077 1210 1743 1841 1761 1047 1785 1257 1336 1511 1787 1513 1430 1409 1586 1635 1014 1623 1076 1298 1365 1732 1107 1512 1785 1528 1634 1993 1194 1752 1722 1443 1231 1494 1529 1145 1137 1043 1868 1690 1580 1223 1258 1278 1617 1233 1416 1075 1743 1956 1363 1165 1979 1746 1766 1498 1653 1559 1937 1363 1868 1893 1273 1932 1539 1287 1988 1402 BCNSPRNW ULIB Ver.6.0+V

เปลี่ยนเป็นภาษาไทย

Change to English
 แสดงรายละเอียดบรรณานุกรม
  กลับหน้าหลัก

Brief Record : Get Marc (ISO 2709) : E-mail record : QR code < ปิดหน้าต่าง
LEADER : 00000nam 2200000uu 4500
001    13399128263
003     ULIB
008    220826s2564||||th 000 0 tha d
020 ^  ^a9786160041961
050 ^  ^aนว^bอ442ฤ
100 0  ^aอเวรี พาย.
245 1  ^aฤาฤทธิ์คล้องนาคา /^cAvery Pie.
250 ^  ^aพิมพ์ครั้งที่ 1.
260 ^  ^aปทุมธานี :^bDeep,^c2564.
300 ^  ^a468 หน้า ;^c21 ซม.
520 3  ^aครั้งหนึ่ง "ทัณฑ์เทวา" ครุฑาศึกได้รับการช่วยชีวิตจาก "พนาสิทธิ์" นาคหนุ่มผู้งดงาม ก่อเกิดเป็นความประทับใจและความรัก เขาเฝ้าคอยตามติดนาคด้วยความลุ่มหลงและคลั่งรักยากจะถอนใจ ทั้งสองต่างปกป้องกันและกัน ฝ่ายนาคหนุ่มถึงขั้นถอดเกล็ดมอบไว้รักษาแผลให้ผู้เป็นที่รัก ครุฑศึกถอนขนปีกเป็นสื่อแทนใจว่าอีกฝ่ายคือยอดดวงใจเช่นกัน แต่มีอุปสรรคจากพ่อครุฑผู้เป็นใหญ่ และสังวาลผู้เต็มไปด้วยบาดแผลแห่งความเคียดแค้นและเกลียดชัง อีกทั้ง "นรินทิพย์" พี่สาวของนาคหนุ่มก็ไม่เห็นด้วย ทัณฑ์เทวาโชคดีมี "เหมันต์" ศึกสหายสนิทคอยช่วยเหลือ แค่ลูกตื๊อของครุฑาศึกยังไม่เพียงพอ ด้วยบุญกรรมแต่ปางก่อน จะทำให้ความรักระหว่างทัณฑ์เทวากับพนาสิจน์สมหวังหรือไม่? ติดตามพร้อมกันได้แล้วในเล่ม!.
650 ^  ^aนวนิยายไทย.
945    ^p420^l0^i29461
999    ^aกัณชพร จุลอักษร
รายการนี้ยังไม่มีแท็ก
คุณยังไม่ได้ล็อกอิน คุณสามารถมีกิจกรรมร่วมกับเว็บไซต์ได้ แต่ต้องล็อกอินก่อน ::
  ล็อกอิน

รายการสื่อสารสนเทศ

ลำดับที่ ประเภท เลขเรียก/บาร์โค้ด สถานที่ สถานะ
1. วิทยาศาสตร์การแพทย์ และสุขภาพ
วิทยาศาสตร์การแพทย์ และสุขภาพ
นว อ442ฤ ฉ.1 
  Barcode: 29461
ห้องสมุดวิทยาเขตนครสวรรค์
►นวนิยาย:l:Fiction
บนชั้น

รายการใกล้เคียง
    ผู้แต่ง [อเวรี พาย.]

    หัวเรื่อง [นวนิยายไทย.]

BibComment


ยังไม่เคยถูกคอมเมนท์

คอมเมนท์ทรัพยากรรายการนี้
  คอมเมนท์: ฤาฤทธิ์คล้องนาคา..


 Copyright 2026. Bcnsprnw @Library